00539 a2200145 4500020001500000082001900015100002400034245003800058260004700096300002900143650006900172700002300241999001300264952011600277 a2882130279 a861.08bC8289p aCortes, Carlos9599 aPoesie Costaricienne Du XX Siecle aGeneve, SuissebPatiǫ/Union Latinec1997 a420 pbill, colc20.5 cm apoesiaxliteraturaxs. XXxHistoria y crt︡icazCosta Rica9620 aCarlos Cortes9600 c126d126 00102ddc4070aLVbLVcPensamientod2014-05-12l0o861.08 C8289pp000110r2014-05-12 00:00:00w2014-05-12y01